书目信息 |
| 题名: |
神奇的想象
|
|
| 作者: | 王宁 , 葛桂录 著 | |
| 分册: | ||
| 出版信息: | 银川 宁夏人民出版社 2005 |
|
| 页数: | 24, 287页 | |
| 开本: | 23cm | |
| 丛书名: | 跨文化丛书 | |
| 单 册: | ||
| 中图分类: | I500.6 , I206 , G04 | |
| 科图分类: | ||
| 主题词: | 比较文学--中国--南欧 , 比较文学--中国--北欧 , 比较文学 , 传统文化 , 现代文化 , 传统文化--关系--现代文化 | |
| 电子资源: | ||
| ISBN: | 7-227-03074-1 | |
| 000 | 01329oam2 2200361 450 | |
| 005 | 20070606210753.90 | |
| 010 | @a7-227-03074-1@dCNY36.00 | |
| 100 | @a20060104d2005 em y0chiy0110 ea | |
| 101 | 0 | @achi@eeng |
| 102 | @aCN@b640000 | |
| 105 | @aa z 000yy | |
| 200 | 1 | @a神奇的想象@Ashen qi de xiang xiang@e南北欧作家与中国文化@f王宁, 葛桂录等著 |
| 210 | @a银川@c宁夏人民出版社@d2005 | |
| 215 | @a24, 287页@c照片@d23cm | |
| 225 | 2 | @a跨文化丛书@e外国作家与中国文化@i南北欧卷 |
| 300 | @a南京大学北京大学中国文化书院跨文化研究院合作项目 “十五”国家重点图书 | |
| 330 | @a书中主要内容有:欧洲人眼中的中国,中国文化和文学在荷兰的传播,中国文化在北欧的传播,易卜生在中国,意大利作家与中国文化等。 | |
| 462 | 0 | @12001 @a跨文化丛书@e外国作家与中国文化@i南北欧卷 |
| 510 | 1 | @aFantastic imagination@esouth and north European writers and Chinese culture@zeng |
| 517 | 1 | @a南北欧作家与中国文化@Anan bei ou zuo jia yu zhong guo wen hua |
| 606 | 0 | @a比较文学@y中国@y南欧 |
| 606 | 0 | @a比较文学@y中国@y北欧 |
| 606 | 0 | @a比较文学 |
| 606 | 0 | @a传统文化 |
| 606 | 0 | @a现代文化 |
| 606 | 0 | @a传统文化@x关系@x现代文化 |
| 690 | @aI500.6@v4 | |
| 690 | @aI206@v4 | |
| 690 | @aG04@v3 | |
| 701 | 0 | @a王宁@Awang ning@4著 |
| 701 | 0 | @a葛桂录@Age gui lu@4著 |
| 801 | 0 | @aCN@bTAOJIN@c20070606 |
| 905 | @a10447@dG04@e70 | |
| 神奇的想象:南北欧作家与中国文化/王宁, 葛桂录等著.-银川:宁夏人民出版社,2005 |
| 24, 287页:照片;23cm.-(跨文化丛书:外国作家与中国文化.南北欧卷) |
| 南京大学北京大学中国文化书院跨文化研究院合作项目 “十五”国家重点图书 |
| ISBN 7-227-03074-1:CNY36.00 |
| 书中主要内容有:欧洲人眼中的中国,中国文化和文学在荷兰的传播,中国文化在北欧的传播,易卜生在中国,意大利作家与中国文化等。 |
| ● |
| 相关链接 |
|
|
|
|
正题名:神奇的想象
索取号:G04/70
 
预约/预借
| 序号 | 登录号 | 条形码 | 馆藏地/架位号 | 状态 | 备注 |
| 1 | 0527209 | 205272097 | 第一样本阅览室/ [索取号:G04/70] | 在馆 | |
| 2 | 0527210 | 205272104 | 第四借阅区/ [索取号:G04/70] | 在馆 | |
| 3 | 0527211 | 205272113 | 第四借阅区/ [索取号:G04/70] | 在馆 |